00484nam a2200133Ia 4500008004100000100002200041245013000063245004200193260006200235260000900297300002200306500000900328650001300337170224s9999 xx 000 0 und d aPierre-Olaf Schut 4aThe economic impact of a women's professional tennis tournament: the example of the GDF-Suez Open of Seine-et-Marne, France  cPierre-Olaf Schut & Jérémy Pierre bJournal of Policy Research in Tourism, Leisure and Events c2016 a8:1, Pages: 71-86 a2016 xTourism.